[Event "Carlos Torre Memorial op 27th"]
[Site "Merida"]
[Date "2015.12.18"]
[Round "3"]
[White "Bruzon Batista, Lazaro"]
[Black "Gongora Reyes, Maikel"]
[Result "1-0"]
[WhiteElo "2666"]
[BlackElo "2427"]
[PlyCount "67"]
[EventDate "2015.12.17"]
[EventType "swiss"]
[EventRounds "9"]
[EventCountry "MEX"]
[SourceTitle "EXT 2017"]
[Source "ChessBase"]
[SourceDate "2016.10.25"]
[SourceVersion "1"]
[SourceVersionDate "2016.10.25"]
[SourceQuality "1"]

1. Nf3 d6 2. d4 g6 3. e4 Bg7 4. Bc4 c6 5. Bb3 Nf6 6. Nbd2 0-0 7. 0-0 Bg4 8. e5 dxe5 9. dxe5 Nd5 10. h3 Bxf3 11. Nxf3 e6 12. c3 Nd7 13. Re1 Qc7 14. Qe2 a5 15. Bc2 a4 16. Bd2 b5 17. h4 h5 18. Rac1 c5 19. a3 c4 20. Rcd1 Nc5 21. Bg5 Qb6 22. Kh1 Qb7 23. Nd4 Rfe8 24. f4 Ne7 25. Kh2 Nf5 26. g4 hxg4 27. Qxg4 Kh7 28. Nxf5 exf5 29. Bxf5 gxf5 30. Qh5+ Kg8 31. Bf6 Ne6 32. Rg1 Qe4 33. Rd4 Qe3 34. Rg2 1-0

[Event "Capablanca Memorial op-A 48th"]
[Site "Havana"]
[Date "2013.04.30"]
[Round "9"]
[White "Otero Acosta, Diasmany"]
[Black "Gongora Reyes, Maikel"]
[Result "1/2-1/2"]
[WhiteElo "2471"]
[BlackElo "2428"]
[PlyCount "123"]
[EventDate "2013.04.21"]
[EventType "swiss"]
[EventRounds "10"]
[EventCountry "CUB"]
[SourceTitle "CBM 154 Extra"]
[Source "ChessBase"]
[SourceDate "2013.06.25"]
[SourceVersion "2"]
[SourceVersionDate "2013.06.25"]
[SourceQuality "1"]

1. d4 d5 2. c4 c6 3. Nf3 Nf6 4. Nc3 a6 5. e3 b5 6. c5 g6 7. a3 a5 8. Bd2 Bg7 9. b4 0-0 10. bxa5 Rxa5 11. a4 bxa4 12. Rxa4 Rxa4 13. Qxa4 Qc7 14. Be2 Bg4 15. h3 Bxf3 16. Bxf3 e5 17. 0-0 Nbd7 18. Rb1 Bh6 19. Be1 Re8 20. Na2 exd4 21. exd4 Kg7 22. g3 Ne4 23. Nb4 Re6 24. Nd3 Bd2 25. Bxe4 Bxe1 26. Bg2 Qa5 27. Qd1 Bc3 28. Rb7 Nf6 29. Ne5 Qa1 30. Qxa1 Bxa1 31. Nxf7 Kg8 32. Ng5 Re1+ 33. Kh2 Bxd4 34. Nf3 Rd1 35. Nxd4 Rxd4 36. Rc7 Rd2 37. Rxc6 Kf7 38. f4 Rc2 39. g4 d4 40. Kg3 d3 41. Bf3 Ne8 42. Rc8 Ke7 43. Ra8 Rxc5 44. Ra3 d2 45. Re3+ Kf8 46. Rd3 Rc2 47. Bd1 Rb2 48. Kf3 Ke7 49. Ke3 Nd6 50. Rc3 Nb5 51. Rb3 Rxb3+ 52. Bxb3 h6 53. h4 g5 54. fxg5 hxg5 55. h5 Kf6 56. Kxd2 Nd6 57. Ke3 Kg7 58. Kd4 Ne8 59. Ke3 Nf6 60. h6+ Kg6 61. Bc2+ Kxh6 62. Kf3 1/2-1/2

[Event "Capablanca Memorial op-A 48th"]
[Site "Havana"]
[Date "2013.04.29"]
[Round "8"]
[White "Gongora Reyes, Maikel"]
[Black "Cuenca Jimenez, Jose Fernando"]
[Result "1/2-1/2"]
[WhiteElo "2428"]
[BlackElo "2483"]
[PlyCount "71"]
[EventDate "2013.04.21"]
[EventType "swiss"]
[EventRounds "10"]
[EventCountry "CUB"]
[SourceTitle "CBM 154 Extra"]
[Source "ChessBase"]
[SourceDate "2013.06.25"]
[SourceVersion "2"]
[SourceVersionDate "2013.06.25"]
[SourceQuality "1"]

1. c4 Nf6 2. Nc3 e5 3. g3 c6 4. d4 exd4 5. Qxd4 d5 6. Bg2 Be6 7. cxd5 cxd5 8. Nf3 Nc6 9. Qa4 Bc5 10. 0-0 0-0 11. Bg5 h6 12. Bxf6 Qxf6 13. e3 a6 14. Rfd1 Rfd8 15. Rd2 Rd7 16. Rc1 Rad8 17. Ne2 Ba7 18. Ned4 Ne7 19. Rdc2 Bg4 20. Rc7 Qd6 21. Rxd7 Bxd7 22. Qb3 Rc8 23. Rxc8+ Bxc8 24. Qc3 Bd7 25. a3 Nc6 26. h3 Bb6 27. Bf1 Bd8 28. Nxc6 Qxc6 29. Qxc6 Bxc6 30. Nd4 Bd7 31. Bg2 Bc6 32. f4 Kf8 33. Kf2 g6 34. Ke2 Ke7 35. Kd3 Kd6 36. Nxc6 1/2-1/2

[Event "Panama op 1st"]
[Site "Panama City"]
[Date "2011.11.04"]
[Round "3"]
[White "Gongora Reyes, Maikel"]
[Black "Almeida Quintana, Omar"]
[Result "1/2-1/2"]
[WhiteElo "2428"]
[BlackElo "2538"]
[PlyCount "97"]
[EventDate "2011.11.03"]
[EventType "swiss"]
[EventRounds "9"]
[EventCountry "PAN"]
[SourceTitle "EXT 2012"]
[Source "ChessBase"]
[SourceDate "2011.11.24"]
[SourceVersion "1"]
[SourceVersionDate "2011.11.24"]
[SourceQuality "1"]

1. d4 g6 2. c4 Bg7 3. Nc3 d6 4. Nf3 Bg4 5. e3 Nd7 6. Be2 Ngf6 7. h3 Bxf3 8. Bxf3 c6 9. 0-0 0-0 10. b3 Re8 11. Bb2 Qc7 12. Qc2 Rac8 13. Rac1 a6 14. Qb1 e5 15. Rfd1 h5 16. Rd2 Qb8 17. Rcd1 Nf8 18. dxe5 dxe5 19. c5 Rcd8 20. Na4 Rxd2 21. Rxd2 Ne6 22. Be2 Bf8 23. Bc4 Kg7 24. b4 a5 25. Qa1 Ng5 26. bxa5 Nge4 27. Rd3 Qc7 28. Qe1 Nd7 29. Ba3 Ndxc5 30. Nxc5 Bxc5 31. Bb2 Be7 32. Rd1 Bh4 33. g3 Bf6 34. h4 Ra8 35. Bd3 Nc5 36. Bc3 Na4 37. Bf1 Nxc3 38. Qxc3 Qxa5 39. Qb3 Qc7 40. Bh3 Rd8 41. Rxd8 Bxd8 42. a4 Be7 43. Bf1 b6 44. Qc4 Qd6 45. Bd3 f5 46. Bc2 Bf6 47. Bb3 Kh6 48. Qe6 Qxe6 49. Bxe6 1/2-1/2

[Event "Capablanca Memorial op-A 46th"]
[Site "Havana"]
[Date "2011.05.15"]
[Round "5"]
[White "Gongora Reyes, Maikel"]
[Black "Adel Lahchaichi, Oussama"]
[Result "1-0"]
[WhiteElo "2452"]
[BlackElo "2265"]
[PlyCount "57"]
[EventDate "2011.05.11"]
[EventType "swiss"]
[EventRounds "10"]
[EventCountry "CUB"]
[SourceTitle "CBM 142 Extra"]
[Source "ChessBase"]
[SourceDate "2011.06.27"]
[SourceVersion "1"]
[SourceVersionDate "2011.06.27"]
[SourceQuality "1"]

1. d4 Nf6 2. c4 c5 3. d5 b5 4. cxb5 a6 5. Nc3 g6 6. e4 d6 7. a4 Bg7 8. Nf3 0-0 9. Be2 axb5 10. Bxb5 Ba6 11. Bd2 Bxb5 12. axb5 Nbd7 13. 0-0 Qb6 14. Qe2 Qb7 15. h3 Rxa1 16. Rxa1 Ra8 17. Qd1 Ne8 18. Rxa8 Qxa8 19. Qa4 Qb8 20. Qa6 Nb6 21. Na4 Nxa4 22. Qxa4 Nc7 23. b6 Qxb6 24. Qd7 Bf6 25. Qd8+ Kg7 26. Bh6+ Kxh6 27. Qf8+ Bg7 28. Qxf7 g5 29. Nh2 1-0

[Event "Capablanca Memorial op-A 46th"]
[Site "Havana"]
[Date "2011.05.12"]
[Round "2"]
[White "Catala Matienzo, Ivette"]
[Black "Gongora Reyes, Maikel"]
[Result "0-1"]
[WhiteElo "2208"]
[BlackElo "2452"]
[PlyCount "78"]
[EventDate "2011.05.11"]
[EventType "swiss"]
[EventRounds "10"]
[EventCountry "CUB"]
[SourceTitle "CBM 142 Extra"]
[Source "ChessBase"]
[SourceDate "2011.06.27"]
[SourceVersion "1"]
[SourceVersionDate "2011.06.27"]
[SourceQuality "1"]

1. d4 Nf6 2. Nf3 e6 3. e3 c5 4. Bd3 d5 5. b3 Nc6 6. 0-0 cxd4 7. exd4 Bd6 8. Bb2 0-0 9. a3 Qc7 10. Qe2 b6 11. c4 Bb7 12. Nc3 a6 13. Rac1 Bf4 14. Rc2 Rfd8 15. Rd1 g6 16. b4 dxc4 17. Bxc4 Nd5 18. Nxd5 exd5 19. Bxa6 Bxa6 20. b5 Re8 21. Qf1 Bb7 22. bxc6 Ba6 23. Rd3 Re6 24. g3 Bh6 25. Ne5 Bg7 26. Qd1 f6 27. Qf3 Rd8 28. Nd7 Bxd3 29. Qxd5 Kf7 30. Rc3 Be4 31. Qb3 Rxd7 32. cxd7 Qxd7 33. f3 Bd5 34. Qc2 Rc6 35. Kf2 Rxc3 36. Qxc3 Bf8 37. Bc1 Qc6 38. Qxc6 Bxc6 39. Be3 Bd5 0-1

[Event "American Continental 07th"]
[Site "Toluca"]
[Date "2011.04.21"]
[Round "3"]
[White "Gongora Reyes, Maikel"]
[Black "Corrales Jimenez, Fidel"]
[Result "1/2-1/2"]
[WhiteElo "2452"]
[BlackElo "2597"]
[PlyCount "72"]
[EventDate "2011.04.19"]
[EventType "swiss"]
[EventRounds "9"]
[EventCountry "MEX"]
[SourceTitle "CBM 141 Extra"]
[Source "ChessBase"]
[SourceDate "2011.05.03"]
[SourceVersion "1"]
[SourceVersionDate "2011.05.03"]
[SourceQuality "1"]

1. d4 Nf6 2. c4 e6 3. Nc3 Bb4 4. Qc2 d5 5. cxd5 exd5 6. Bg5 h6 7. Bh4 c5 8. dxc5 g5 9. Bg3 Ne4 10. 0-0-0 Bxc3 11. f3 Bd2+ 12. Rxd2 Nxd2 13. Qxd2 Nc6 14. e3 Be6 15. Bb5 f6 16. Ne2 Kf7 17. Bxc6 bxc6 18. Nd4 Bd7 19. Bd6 Qc8 20. Qa5 Re8 21. Kd2 g4 22. fxg4 Bxg4 23. Qc7+ Qxc7 24. Bxc7 Bd7 25. Bf4 h5 26. g3 a5 27. b3 Ra7 28. a3 Re7 29. h4 Re8 30. Kc3 Rea8 31. Rf1 Kg6 32. Rf2 Kg7 33. Kd3 Kg6 34. Kc3 Kg7 35. Rb2 Kg6 36. Rf2 Kg7 1/2-1/2

[Event "Albacete op 18th"]
[Site "Albacete"]
[Date "2010.09.17"]
[Round "7"]
[White "Pogorelov, Ruslan"]
[Black "Gongora Reyes, Maikel"]
[Result "1/2-1/2"]
[WhiteElo "2447"]
[BlackElo "2468"]
[PlyCount "76"]
[EventDate "2010.09.14"]
[EventType "swiss"]
[EventRounds "9"]
[EventCountry "ESP"]
[SourceTitle "CBM 138 Extra"]
[Source "ChessBase"]
[SourceDate "2010.10.29"]
[SourceVersion "1"]
[SourceVersionDate "2010.10.29"]
[SourceQuality "1"]

1. Nf3 g6 2. d4 Bg7 3. e4 d6 4. c4 Bg4 5. Be2 Bxf3 6. Bxf3 c6 7. Be3 Nd7 8. Nc3 Ngf6 9. 0-0 0-0 10. Rb1 a5 11. a3 e5 12. d5 c5 13. b4 axb4 14. axb4 b6 15. Qb3 Qe7 16. Ra1 Rfb8 17. Ra3 Qd8 18. Rfa1 Rxa3 19. Qxa3 Bf8 20. Nb5 cxb4 21. Qxb4 Nc5 22. Bxc5 bxc5 23. Qa5 Qxa5 24. Rxa5 Nd7 25. Be2 Nb6 26. Ra6 Rb7 27. g3 f5 28. exf5 gxf5 29. f3 Kf7 30. Kg2 Kf6 31. h4 h6 32. Kh3 Be7 33. g4 e4 34. f4 fxg4+ 35. Kxg4 Bf8 36. Kg3 Kf5 37. Bg4+ Kf6 38. Be2 Kf5 1/2-1/2

[Event "Albacete op 18th"]
[Site "Albacete"]
[Date "2010.09.16"]
[Round "5"]
[White "Martinez Rodriguez, Pablo"]
[Black "Gongora Reyes, Maikel"]
[Result "1/2-1/2"]
[WhiteElo "2239"]
[BlackElo "2468"]
[PlyCount "93"]
[EventDate "2010.09.14"]
[EventType "swiss"]
[EventRounds "9"]
[EventCountry "ESP"]
[SourceTitle "CBM 138 Extra"]
[Source "ChessBase"]
[SourceDate "2010.10.29"]
[SourceVersion "1"]
[SourceVersionDate "2010.10.29"]
[SourceQuality "1"]

1. Nf3 Nf6 2. c4 c6 3. Nc3 d5 4. e3 a6 5. Qc2 g6 6. d4 Bg7 7. Bd3 0-0 8. 0-0 b5 9. b3 Nbd7 10. Rd1 Bb7 11. Bd2 Qb8 12. cxd5 cxd5 13. Rac1 Rc8 14. Qb1 e5 15. dxe5 Nxe5 16. Be2 Qd6 17. Be1 h5 18. h3 Rc7 19. Nxe5 Qxe5 20. Bf3 Rac8 21. Ne2 Ne4 22. Ba5 Rc6 23. Rxc6 Rxc6 24. Nd4 Rc8 25. Rc1 Qb8 26. Rxc8+ Qxc8 27. Qc2 Qxc2 28. Nxc2 f5 29. Nd4 Kf7 30. Bb4 f4 31. Kf1 Bh6 32. Bxe4 dxe4 33. exf4 Bxf4 34. Ke2 h4 35. Bd2 Bxd2 36. Kxd2 e3+ 37. Kxe3 Bxg2 38. Nf3 Kf6 39. Nxh4 Bxh3 40. f4 b4 41. Kd4 a5 42. Kc5 Bf5 43. Kb6 Bb1 44. Kxa5 Bxa2 45. Kxb4 Bxb3 46. Kxb3 g5 47. fxg5+ 1/2-1/2

[Event "Parla op 25th"]
[Site "Parla"]
[Date "2010.09.10"]
[Round "7"]
[White "Sanchez Gonzalez, Sergio"]
[Black "Gongora Reyes, Maikel"]
[Result "1/2-1/2"]
[WhiteElo "2288"]
[BlackElo "2468"]
[PlyCount "138"]
[EventDate "2010.09.04"]
[EventType "swiss"]
[EventRounds "9"]
[EventCountry "ESP"]
[SourceTitle "CBM 138 Extra"]
[Source "ChessBase"]
[SourceDate "2010.10.29"]
[SourceVersion "1"]
[SourceVersionDate "2010.10.29"]
[SourceQuality "1"]

1. c4 e5 2. Nc3 Nf6 3. g3 Bb4 4. Bg2 0-0 5. d3 c6 6. Qb3 Ba5 7. Nf3 Re8 8. 0-0 h6 9. Ne4 d6 10. Nxf6+ Qxf6 11. Bd2 Bxd2 12. Nxd2 Qe7 13. Qc3 Bg4 14. Rfe1 Nd7 15. b4 Nf6 16. a4 d5 17. b5 d4 18. Qa3 c5 19. a5 Rac8 20. e3 Qc7 21. Qb3 b6 22. axb6 axb6 23. Qa3 Bf5 24. e4 Bd7 25. Qb2 Rb8 26. Ra6 Bc8 27. Ra3 g5 28. Rea1 Bb7 29. Ra7 Qc8 30. h3 Kh8 31. Nf1 Rg8 32. g4 h5 33. f3 h4 34. Nd2 Nd7 35. Bf1 Qd8 36. Nb3 Qf6 37. Bg2 Nf8 38. Qd2 Ne6 39. Nc1 Qf4 40. Qxf4 Nxf4 41. Kf2 Kg7 42. Bf1 Kf6 43. Ke1 Ke6 44. Kd2 Kd6 45. R1a2 Kc7 46. Ra1 Rg6 47. Ke1 Rf6 48. Kf2 Rd8 49. R1a3 Ng6 50. Kg2 Ne7 51. Ra2 Nc8 52. R7a3 Nd6 53. Be2 Rg6 54. Ra7 Rgg8 55. R7a3 Ra8 56. Rxa8 Bxa8 57. Kf2 Bb7 58. Nb3 Bc8 59. Ra7+ Kb8 60. Ra3 Re8 61. Nc1 Re7 62. Ra2 Rc7 63. Ke1 f6 64. Kd2 Bd7 65. Ra6 Nc8 66. Bf1 Ra7 67. Rxa7 Nxa7 68. Be2 Kc7 69. Bd1 Kd6 1/2-1/2

[Event "Sitges op 36th"]
[Site "Sitges"]
[Date "2010.07.27"]
[Round "6"]
[White "Guerrero Olmos, Sergio"]
[Black "Gongora Reyes, Maikel"]
[Result "0-1"]
[WhiteElo "2360"]
[BlackElo "2451"]
[PlyCount "56"]
[EventDate "2010.07.22"]
[EventType "swiss"]
[EventRounds "9"]
[EventCountry "ESP"]
[SourceTitle "CBM 137 Extra"]
[Source "ChessBase"]
[SourceDate "2010.09.01"]
[SourceVersion "1"]
[SourceVersionDate "2010.09.01"]
[SourceQuality "1"]

1. d4 d5 2. Nf3 Nf6 3. Bf4 c5 4. e3 Nc6 5. c3 Qb6 6. Na3 c4 7. Qc1 Bf5 8. h3 e6 9. Nb1 Qa5 10. Nbd2 b5 11. a3 Be7 12. b4 cxb3 13. Qb2 0-0 14. a4 bxa4 15. Nxb3 a3 16. Qc1 Qb6 17. Nc5 Qb2 18. Ba6 Ne4 19. 0-0 Nxc5 20. dxc5 Bxc5 21. Nd4 Nxd4 22. cxd4 Bb4 23. Qc6 a2 24. Qb7 Rad8 25. Bc7 Rd7 26. Qc6 Re7 27. Bd6 Bxd6 28. Qxd6 Ree8 0-1

[Event "Sitges op 36th"]
[Site "Sitges"]
[Date "2010.07.26"]
[Round "5"]
[White "Gongora Reyes, Maikel"]
[Black "Rios Parra, Alejandro"]
[Result "1-0"]
[WhiteElo "2451"]
[BlackElo "2308"]
[PlyCount "81"]
[EventDate "2010.07.22"]
[EventType "swiss"]
[EventRounds "9"]
[EventCountry "ESP"]
[SourceTitle "CBM 137 Extra"]
[Source "ChessBase"]
[SourceDate "2010.09.01"]
[SourceVersion "1"]
[SourceVersionDate "2010.09.01"]
[SourceQuality "1"]

1. d4 Nf6 2. c4 e6 3. Nf3 b6 4. g3 Bb7 5. Bg2 Bb4+ 6. Bd2 Qe7 7. 0-0 0-0 8. Bg5 h6 9. Bxf6 Qxf6 10. a3 Be7 11. Nc3 d6 12. e4 Qg6 13. d5 e5 14. Ne1 Bc8 15. Nd3 Nd7 16. b4 a6 17. Qe2 Re8 18. Rae1 Rb8 19. Kh1 Nf6 20. f4 exf4 21. gxf4 Bg4 22. Bf3 Bxf3+ 23. Rxf3 Bf8 24. Rg3 Qh7 25. Re3 Re7 26. Qf3 h5 27. h3 Rbe8 28. R3e2 h4 29. e5 Nh5 30. Ne4 Qf5 31. Qg4 g6 32. Qxh4 dxe5 33. Nxe5 Bg7 34. d6 Nxf4 35. Ng3 Qc8 36. dxe7 Qa8+ 37. Kh2 Bxe5 38. Re4 f6 39. Rxf4 g5 40. Rg4 Rxe7 41. Rxg5+ 1-0

[Event "Sitges op 36th"]
[Site "Sitges"]
[Date "2010.07.22"]
[Round "1"]
[White "Gongora Reyes, Maikel"]
[Black "Turuguet Lopez, Josep Lluis"]
[Result "1-0"]
[WhiteElo "2451"]
[BlackElo "1932"]
[PlyCount "53"]
[EventDate "2010.07.22"]
[EventType "swiss"]
[EventRounds "9"]
[EventCountry "ESP"]
[SourceTitle "CBM 137 Extra"]
[Source "ChessBase"]
[SourceDate "2010.09.01"]
[SourceVersion "1"]
[SourceVersionDate "2010.09.01"]
[SourceQuality "1"]

1. d4 Nf6 2. c4 e6 3. g3 d5 4. Bg2 c6 5. Nf3 Nbd7 6. Qc2 Be7 7. 0-0 0-0 8. Nbd2 Re8 9. b3 Bd6 10. e4 Nxe4 11. Nxe4 dxe4 12. Qxe4 Nf6 13. Qe2 h6 14. Bb2 c5 15. dxc5 Bxc5 16. Rad1 Qe7 17. Ne5 a5 18. Nd3 Ba3 19. Bc3 Ra6 20. Qe1 b6 21. Qe3 Nd7 22. Rd2 Nc5 23. Rfd1 Ra7 24. Bc6 Nxd3 25. Bxe8 Nxf2 26. Qxf2 Bc5 27. Bd4 1-0

[Event "Barcelona Sant Marti op 12th"]
[Site "Barcelona"]
[Date "2010.07.17"]
[Round "5"]
[White "Moskalenko, Viktor"]
[Black "Gongora Reyes, Maikel"]
[Result "0-1"]
[WhiteElo "2565"]
[BlackElo "2451"]
[PlyCount "84"]
[EventDate "2010.07.13"]
[EventType "swiss"]
[EventRounds "9"]
[EventCountry "ESP"]
[SourceTitle "CBM 137 Extra"]
[Source "ChessBase"]
[SourceDate "2010.09.01"]
[SourceVersion "1"]
[SourceVersionDate "2010.09.01"]
[SourceQuality "1"]

1. d4 d5 2. c4 c6 3. Nc3 Nf6 4. e3 a6 5. Nf3 b5 6. c5 g6 7. Ne5 Bg7 8. f4 0-0 9. Be2 Be6 10. Bd2 a5 11. 0-0 Ne4 12. Be1 f6 13. Nd3 Nd7 14. g4 f5 15. g5 h6 16. h4 hxg5 17. hxg5 Kf7 18. Kg2 Rh8 19. Bg3 Qc7 20. Nf2 Nxg3 21. Kxg3 Rh7 22. Rh1 Rxh1 23. Qxh1 Rh8 24. Qg2 Kg8 25. Nd3 Bf7 26. Bf3 e5 27. dxe5 Nxe5 28. Nxe5 Bxe5 29. Qd2 Qe7 30. Kg2 Qxg5+ 31. Kf1 Qg3 32. Qg2 Qxg2+ 33. Bxg2 Bf6 34. Rd1 b4 35. Na4 Kg7 36. b3 Re8 37. Kf2 Bh4+ 38. Ke2 g5 39. Rh1 Bh5+ 40. Bf3 Bxf3+ 41. Kxf3 g4+ 42. Ke2 Bg3 0-1

[Event "Barbera del Valles op 33th"]
[Site "Barbera del Valles"]
[Date "2010.07.07"]
[Round "4"]
[White "Aderito, Pedro"]
[Black "Gongora Reyes, Maikel"]
[Result "0-1"]
[WhiteElo "2333"]
[BlackElo "2451"]
[PlyCount "52"]
[EventDate "2010.07.04"]
[EventType "swiss"]
[EventRounds "9"]
[EventCountry "ESP"]
[SourceTitle "CBM 137 Extra"]
[Source "ChessBase"]
[SourceDate "2010.09.01"]
[SourceVersion "1"]
[SourceVersionDate "2010.09.01"]
[SourceQuality "1"]

1. d4 d5 2. c4 c6 3. Nf3 Nf6 4. Nc3 a6 5. a4 e6 6. e3 c5 7. Ne5 Nc6 8. f4 cxd4 9. exd4 Bb4 10. Be3 0-0 11. Bd3 dxc4 12. Bxc4 Nd5 13. Bxd5 exd5 14. 0-0 Bxc3 15. bxc3 Bf5 16. Qh5 Qc8 17. Bd2 Na5 18. Be1 f6 19. Nf3 Qd7 20. h3 Rfe8 21. Nd2 Bd3 22. Rf2 Re3 23. Nf1 Bxf1 24. Rxf1 Nc4 25. f5 Rae8 26. Qd1 Re2 0-1

[Event "Barbera del Valles op 33th"]
[Site "Barbera del Valles"]
[Date "2010.07.06"]
[Round "3"]
[White "Gongora Reyes, Maikel"]
[Black "Gagarin, Vasilij"]
[Result "1/2-1/2"]
[WhiteElo "2451"]
[BlackElo "2403"]
[PlyCount "108"]
[EventDate "2010.07.04"]
[EventType "swiss"]
[EventRounds "9"]
[EventCountry "ESP"]
[SourceTitle "CBM 137 Extra"]
[Source "ChessBase"]
[SourceDate "2010.09.01"]
[SourceVersion "1"]
[SourceVersionDate "2010.09.01"]
[SourceQuality "1"]

1. d4 d5 2. c4 c6 3. Nc3 Nf6 4. Nf3 e6 5. Bg5 h6 6. Bh4 dxc4 7. e4 g5 8. Bg3 b5 9. e5 Nh5 10. Be2 Bg7 11. a4 a6 12. Ne4 0-0 13. Nfxg5 Nxg3 14. hxg3 hxg5 15. Qc2 f5 16. exf6 Rxf6 17. Nxf6+ Qxf6 18. Qh7+ Kf8 19. Ra3 Qxd4 20. Rf3+ Ke7 21. Qg8 Qxb2 22. 0-0 Nd7 23. Rf7+ Kd6 24. Rd1+ Bd4 25. Bg4 Kc5 26. Bxe6 Bb7 27. Qxg5+ Kb6 28. Bxd7 Rh8 29. Bh3 Bc8 30. Qe7 Bxh3 31. gxh3 Ka5 32. Qd7 Bb6 33. Qxc6 c3 34. Rd6 Rb8 35. Qd5 c2 36. Qd2+ Qb4 37. Qxb4+ Kxb4 38. Rc6 Kxa4 39. Rxc2 b4 40. Ra2+ Kb5 41. Rf5+ Bc5 42. Rxa6 Kxa6 43. Rxc5 b3 44. Rc1 Kb5 45. f4 Kb4 46. f5 b2 47. Rb1 Kc3 48. Kf2 Kc2 49. Rxb2+ Kxb2 50. Ke3 Kc3 51. Ke4 Rb4+ 52. Ke5 Rb5+ 53. Ke4 Rb4+ 54. Ke5 Rb5+ 1/2-1/2

[Event "Capablanca Memorial op 45th"]
[Site "Havana"]
[Date "2010.06.18"]
[Round "8"]
[White "Gongora Reyes, Maikel"]
[Black "Garcia Pantoja, Roberto"]
[Result "0-1"]
[WhiteElo "2471"]
[BlackElo "2378"]
[PlyCount "112"]
[EventDate "2010.06.10"]
[EventType "swiss"]
[EventRounds "10"]
[EventCountry "CUB"]
[SourceTitle "CBM 137 Extra"]
[Source "ChessBase"]
[SourceDate "2010.09.01"]
[SourceVersion "1"]
[SourceVersionDate "2010.09.01"]
[SourceQuality "1"]

1. d4 d6 2. c4 Nf6 3. Nf3 g6 4. Nc3 Bg7 5. e4 0-0 6. h3 a6 7. Bd3 c6 8. 0-0 Nfd7 9. d5 Nc5 10. Bc2 b5 11. cxb5 axb5 12. Re1 b4 13. Ne2 Bb7 14. Nf4 Nbd7 15. h4 Nf6 16. h5 b3 17. Bxb3 Nfxe4 18. hxg6 hxg6 19. Nxg6 Re8 20. Nf4 cxd5 21. Bxd5 Bxd5 22. Qxd5 e6 23. Qd1 Qf6 24. Nh5 Qf5 25. Nxg7 Kxg7 26. b4 Nd7 27. Bb2+ e5 28. Rxe4 Qxe4 29. Qxd6 Rad8 30. Qd2 f6 31. Re1 Qg6 32. Qe3 Rh8 33. g3 Qh5 34. Nh4 Qg4 35. Kf1 Qxb4 36. Ba3 Qc4+ 37. Kg2 Kf7 38. Nf5 Qd5+ 39. f3 Nf8 40. Re2 Ne6 41. Bb4 Qd1 42. Be1 Rh5 43. Nh4 Rxh4 44. gxh4 Nf4+ 45. Kf1 Qxe2+ 46. Qxe2 Nxe2 47. Kxe2 Ra8 48. f4 Kg6 49. fxe5 fxe5 50. h5+ Kxh5 51. Bc3 Kg4 52. a3 Kf4 53. Bb4 Ke4 54. Kd2 Kf3 55. Kc3 e4 56. Kb3 Rb8 0-1

[Event "Capablanca Memorial op 45th"]
[Site "Havana"]
[Date "2010.06.14"]
[Round "5"]
[White "Gil Suarez, Juan Jose"]
[Black "Gongora Reyes, Maikel"]
[Result "1/2-1/2"]
[WhiteElo "1752"]
[BlackElo "2471"]
[PlyCount "76"]
[EventDate "2010.06.10"]
[EventType "swiss"]
[EventRounds "10"]
[EventCountry "CUB"]
[SourceTitle "CBM 137 Extra"]
[Source "ChessBase"]
[SourceDate "2010.09.01"]
[SourceVersion "1"]
[SourceVersionDate "2010.09.01"]
[SourceQuality "1"]

1. d4 d5 2. Nf3 Nf6 3. c3 Bf5 4. Bf4 e6 5. e3 Be7 6. Nbd2 0-0 7. Ne5 Ne4 8. Nxe4 Bxe4 9. f3 Bg6 10. Bg3 Nd7 11. Nxg6 hxg6 12. Bd3 c5 13. 0-0 Qb6 14. Qe2 Bd6 15. Bxd6 Qxd6 16. f4 c4 17. Bc2 f5 18. g4 Kf7 19. h4 Nf6 20. g5 Nd7 21. h5 Rh8 22. hxg6+ Kxg6 23. Kg2 Rh4 24. Rh1 Rah8 25. Rxh4 Rxh4 26. Rh1 Rxh1 27. Kxh1 Qf8 28. Bd1 Qh8+ 29. Qh2 Qxh2+ 30. Kxh2 b5 31. a4 a6 32. axb5 axb5 33. Kg3 Kf7 34. Kf2 g6 35. Ke1 Ke7 36. Kd2 Kd6 37. Kc2 Nb8 38. b4 Nc6 1/2-1/2

[Event "Capablanca Memorial op 45th"]
[Site "Havana"]
[Date "2010.06.12"]
[Round "3"]
[White "Larrua Gonzalez, Fernando Oscar"]
[Black "Gongora Reyes, Maikel"]
[Result "1/2-1/2"]
[WhiteElo "2310"]
[BlackElo "2471"]
[PlyCount "129"]
[EventDate "2010.06.10"]
[EventType "swiss"]
[EventRounds "10"]
[EventCountry "CUB"]
[SourceTitle "CBM 137 Extra"]
[Source "ChessBase"]
[SourceDate "2010.09.01"]
[SourceVersion "1"]
[SourceVersionDate "2010.09.01"]
[SourceQuality "1"]

1. d4 d5 2. Nf3 Nf6 3. c4 c6 4. e3 a6 5. b3 Bf5 6. Bd3 Bg6 7. Qc2 e6 8. Nbd2 Nbd7 9. 0-0 Be7 10. Bb2 0-0 11. Rfd1 Qb8 12. Rac1 Rc8 13. Ne5 Nxe5 14. dxe5 Nd7 15. Bxg6 hxg6 16. e4 b5 17. Nf3 bxc4 18. bxc4 Nb6 19. cxd5 cxd5 20. Qe2 Qb7 21. Bd4 dxe4 22. Nd2 Rxc1 23. Rxc1 Rd8 24. Nb3 Nd5 25. Qxe4 Rc8 26. Rd1 Qb4 27. Qe2 Rc4 28. Bb2 Qa4 29. Rd4 Rxd4 30. Bxd4 Qc6 31. g3 Bb4 32. Bb2 Qa4 33. Bd4 a5 34. Qc2 Qd7 35. Bb2 a4 36. Nd4 a3 37. Ba1 Bf8 38. Qc6 Qe7 39. Nc2 Qg5 40. Bd4 Qd2 41. Qc8 Kh7 42. Qc4 Be7 43. Bc5 Bxc5 44. Qxc5 Qe2 45. Qd4 Kg8 46. Nxa3 Qxa2 47. Nc4 Qa4 48. Qd3 Qb5 49. Qd4 Qb4 50. Qd3 g5 51. Qe4 Nb6 52. Nd6 Qxe4 53. Nxe4 g4 54. Nd6 Nd7 55. Nc4 Kh7 56. h3 gxh3 57. f4 g5 58. fxg5 Kg6 59. Kh2 Kxg5 60. Kxh3 Kf5 61. Nd6+ Kg6 62. Nc4 Kg5 63. Kg2 Kg4 64. Ne3+ Kg5 65. Nc4 1/2-1/2

[Event "Alzira"]
[Site "Alzira"]
[Date "2010.02.11"]
[Round "3"]
[White "Gongora Reyes, Maikel"]
[Black "Palencia Morales, Wilson Guillermo"]
[Result "1/2-1/2"]
[WhiteElo "2470"]
[BlackElo "2348"]
[PlyCount "128"]
[EventDate "2010.02.09"]
[EventType "tourn"]
[EventRounds "9"]
[EventCountry "ESP"]
[EventCategory "3"]
[SourceTitle "CBM 135 Extra"]
[Source "ChessBase"]
[SourceDate "2010.05.04"]
[SourceVersion "1"]
[SourceVersionDate "2010.05.04"]
[SourceQuality "1"]

1. d4 d5 2. c4 c6 3. Nc3 Nf6 4. Nf3 e6 5. Bg5 dxc4 6. e4 b5 7. e5 h6 8. Bh4 g5 9. Bg3 Nd5 10. Be2 Nxc3 11. bxc3 Nd7 12. Nd2 Nb6 13. h4 Nd5 14. Ne4 Qa5 15. Rc1 Bd7 16. hxg5 0-0-0 17. Qd2 Ba3 18. gxh6 Bxc1 19. Qxc1 Rdg8 20. a3 Rh7 21. Bh4 Rg6 22. Bf6 Rxg2 23. Kf1 Rg6 24. Rh3 Nxf6 25. Nxf6 Rh8 26. Bf3 Qd8 27. Qf4 Qf8 28. h7 Qxa3 29. Bg4 Qa1+ 30. Kg2 Qb1 31. Rg3 Rxf6 32. exf6 Qxh7 33. Rh3 Qg8 34. Rxh8 Qxh8 35. Qg5 e5 36. Bxd7+ Kxd7 37. Qf5+ Kd8 38. Qxe5 Qe8 39. Qb8+ Kd7 40. Qxa7+ Ke6 41. Qc7 Kxf6 42. Qf4+ Ke7 43. d5 cxd5 44. Qe5+ Kd8 45. Qb8+ Ke7 46. Qe5+ Kd7 47. Qxd5+ Kc7 48. Kf1 Qd7 49. Qc5+ Kb7 50. Qb4 Kb6 51. Qa3 f5 52. Kg2 Qg7+ 53. Kf1 Qe5 54. Kg2 Qd5+ 55. Kg3 Qe5+ 56. Kg2 f4 57. Kf3 Qf6 58. Qb2 Kc6 59. Qa3 Kb7 60. Qb4 Qe5 61. Qa5 Qf5 62. Qa3 Qe5 63. Qa5 Qf5 64. Qa3 Qe5 1/2-1/2